000 00799cab a2200313 4500
001 WB3144-19
008 090401t1995 xxu||||| |||| 00| 0 eng d
035 _a(Sirsi) u35193
041 _aeng
245 _aMerseyside
260 _c1995
300 _aLoan
350 _a0
490 _aFinancial Times
_vSurvey 24 November 1995, 33-36(4)
520 _aA survey on the economy and investment potential of Merseyside.
650 _aBUSINESS DEVELOPMENT
650 _aFUTURE GROWTH
650 _aGAS INDUSTRY
650 _aINWARD INVESTMENT
650 _aLIVERPOOL
650 _aMERSEY DOCKS
650 _aMERSEYSIDE
650 _aOIL INDUSTRY
650 _aSTRUCTURAL FUNDS
650 _aUNIVERSITIES
690 _aECONOMIC AND SOCIAL
942 _n0
948 _c04/03/1997
999 _c23080
_d23080